| 000 | 00888nas a2200241 4500 | ||
|---|---|---|---|
| 001 | BR8402502 | ||
| 003 | BR-BrBNA | ||
| 005 | 20231205085917.0 | ||
| 007 | ta | ||
| 008 | 230509b bl.|||p| |||| 00| 00por d | ||
| 040 |
_aBR-BrBNA _bpor _cBiblioteca Nacional de Agricultura |
||
| 041 | _a(Pt) | ||
| 072 | _aL60 | ||
| 100 | 1 | _aBittencourt, M.L. | |
| 245 | 1 | _aPrimeira ocorrencia de Sotalia brasiliensis (boto), cetacea Delphinidae, para a baia de Paranagua, litoral paranaense, Brasil | |
| 246 | 1 | _a[First record of Sotalia brasiliensis (boto), cetacea Delphinidae, for the Paranagua bay, coast of Parana state, Brazil] | |
| 650 | _aBOTO | ||
| 650 | _aDISTRIBUICAO GEOGRAFICA | ||
| 650 | _aPARANÁ | ||
| 773 | 0 |
_tArquivos de Biologia e Tecnologia (Brazil) _xISSN 0365-0979 _g(1984), v. 27(1) p. 95-98 _wBR8402502 |
|
| 909 |
_a202311 _bLúcia _c55 _dLúcia Elande |
||
| 942 |
_2AGRIS _n0 _cANA |
||
| 999 |
_c114711 _d114711 |
||